000
00227 a2200097 4500
020
_a
9781041255062
100
_a
Wego Wang
245
_a
Reverse engineering: technology of reinvention
260
_b
CRC Press
_c
2026
942
_c
OO
999
_c
116039
_d
116038